Advances in Translational Neuroscience of Eye Movement Disorders

A comprehensive book that reviews advances in ocular motor research on topics of general interest, rare, specialized or unique conditions, and pertinent basic neuroscience. A rare collection with contributions from basic neuroscientists, neurologists, and ophthalmologists. Includes dedicated chapter...

Full description

Bibliographic Details
Corporate Author: SpringerLink (Online service)
Other Authors: Shaikh, Aasef (Editor, http://id.loc.gov/vocabulary/relators/edt), Ghasia, Fatema (Editor, http://id.loc.gov/vocabulary/relators/edt)
Format: Electronic eBook
Language:English
Published: Cham : Springer International Publishing : Imprint: Springer, 2019.
Edition:1st ed. 2019.
Series:Contemporary Clinical Neuroscience
Subjects:
Online Access:Full Text via HEAL-Link
LEADER 02609nam a2200505 4500
001 978-3-030-31407-1
003 DE-He213
005 20200103121435.0
007 cr nn 008mamaa
008 200103s2019 gw | s |||| 0|eng d
020 |a 9783030314071  |9 978-3-030-31407-1 
024 7 |a 10.1007/978-3-030-31407-1  |2 doi 
040 |d GrThAP 
050 4 |a RC321-580 
072 7 |a PSAN  |2 bicssc 
072 7 |a MED057000  |2 bisacsh 
072 7 |a PSAN  |2 thema 
082 0 4 |a 612.8  |2 23 
245 1 0 |a Advances in Translational Neuroscience of Eye Movement Disorders  |h [electronic resource] /  |c edited by Aasef Shaikh, Fatema Ghasia. 
250 |a 1st ed. 2019. 
264 1 |a Cham :  |b Springer International Publishing :  |b Imprint: Springer,  |c 2019. 
300 |a IX, 519 p. 112 illus., 67 illus. in color.  |b online resource. 
336 |a text  |b txt  |2 rdacontent 
337 |a computer  |b c  |2 rdamedia 
338 |a online resource  |b cr  |2 rdacarrier 
347 |a text file  |b PDF  |2 rda 
490 1 |a Contemporary Clinical Neuroscience 
520 |a A comprehensive book that reviews advances in ocular motor research on topics of general interest, rare, specialized or unique conditions, and pertinent basic neuroscience. A rare collection with contributions from basic neuroscientists, neurologists, and ophthalmologists. Includes dedicated chapters on mathematical models, pharmacotherapy, neuromodulation, motion perception, visual influence on eye movement, physiology of strabismus, and microsaccades. This book is dedicated to David Robinson - one of the pioneers of contemporary ocular motor and vestibular neuroscience. 
650 0 |a Neurosciences. 
650 0 |a Ophthalmology. 
650 0 |a Neurology . 
650 1 4 |a Neurosciences.  |0 http://scigraph.springernature.com/things/product-market-codes/B18006 
650 2 4 |a Ophthalmology.  |0 http://scigraph.springernature.com/things/product-market-codes/H44004 
650 2 4 |a Neurology.  |0 http://scigraph.springernature.com/things/product-market-codes/H36001 
700 1 |a Shaikh, Aasef.  |e editor.  |4 edt  |4 http://id.loc.gov/vocabulary/relators/edt 
700 1 |a Ghasia, Fatema.  |e editor.  |4 edt  |4 http://id.loc.gov/vocabulary/relators/edt 
710 2 |a SpringerLink (Online service) 
773 0 |t Springer eBooks 
776 0 8 |i Printed edition:  |z 9783030314064 
776 0 8 |i Printed edition:  |z 9783030314088 
776 0 8 |i Printed edition:  |z 9783030314095 
830 0 |a Contemporary Clinical Neuroscience 
856 4 0 |u https://doi.org/10.1007/978-3-030-31407-1  |z Full Text via HEAL-Link 
912 |a ZDB-2-SBL 
950 |a Biomedical and Life Sciences (Springer-11642)